[Event "Charlotte Spring IM-B"]
[Site "Charlotte"]
[Date "2025.04.17"]
[Round "2"]
[White "Rios Gomez, Cristhian Camilo"]
[Black "Horobetz, Graham"]
[Result "0-1"]
[WhiteElo "2382"]
[BlackElo "2240"]
[PlyCount "101"]
[EventDate "2025.04.16"]
[EventType "tourn"]
[EventRounds "9"]
[EventCountry "USA"]
[SourceTitle "CB17_2025"]
[SourceDate "2025.04.23"]
[SourceVersion "1"]
[SourceVersionDate "2025.04.23"]
[SourceQuality "1"]

1. e4 c5 2. Nf3 e6 3. d4 cxd4 4. Nxd4 Nf6 5. Nc3 Nc6 6. Ndb5 Bc5 7. Bf4 0-0 8. Bc7 Qe7 9. Bd6 Bxd6 10. Qxd6 Qd8 11. 0-0-0 a6 12. Nd4 Ne7 13. a4 Ne8 14. Qb4 b5 15. axb5 axb5 16. Bxb5 Ra1+ 17. Kd2 Ra8 18. Ke2 Nc7 19. Rhe1 Rb8 20. Qd6 Nxb5 21. Ncxb5 Rb6 22. Qg3 d6 23. c4 e5 24. Nc2 f5 25. Kf1 f4 26. Qa3 Rf6 27. Rd3 Ba6 28. Qc3 Qc8 29. Nca3 Rc6 30. b3 Qg4 31. h3 Qg5 32. Qd2 Rg6 33. f3 Bc8 34. Qf2 Qh5 35. Qa7 Rxg2 36. Re2 Bxh3 37. Rxg2 Bxg2+ 38. Kxg2 d5 39. Kf1 Qh1+ 40. Ke2 dxe4 41. Qxe7 exd3+ 42. Kd2 Qg2+ 43. Kc3 Rf6 44. Qe8+ Rf8 45. Qe6+ Kh8 46. Nd6 h6 47. Qe7 Ra8 48. Nf7+ Kh7 49. Nxe5 Rxa3 50. Ng4 Qc2+ 51. Kd4 0-1

[Event "Bhubaneswar op-A 15th"]
[Site "Bhubaneswar"]
[Date "2024.12.05"]
[Round "5"]
[White "Savchenko, Boris"]
[Black "Rios Gomez, Cristhian Camilo"]
[Result "1-0"]
[WhiteElo "2473"]
[BlackElo "2448"]
[PlyCount "73"]
[EventDate "2024.12.02"]
[EventType "swiss"]
[EventRounds "10"]
[EventCountry "IND"]
[SourceTitle "CB50_2024"]
[SourceDate "2024.11.01"]
[SourceVersion "1"]
[SourceVersionDate "2024.11.01"]
[SourceQuality "2"]

1. e4 c5 2. Nf3 Nc6 3. Bb5 Nf6 4. Nc3 Qc7 5. 0-0 Nd4 6. Nxd4 cxd4 7. Nd5 Nxd5 8. exd5 Qc5 9. c4 a6 10. b4 Qxb4 11. Ba4 g6 12. d3 b5 13. Bb3 bxc4 14. Bxc4 Bg7 15. a4 d6 16. Re1 Ra7 17. Bg5 h6 18. Bd2 Qb6 19. Qc1 Qd8 20. Rb1 h5 21. Rb8 0-0 22. Qb2 Kh7 23. a5 e6 24. Qb6 Qe7 25. Bb4 Rd8 26. dxe6 fxe6 27. Bxe6 Bxe6 28. Qxd8 Qxd8 29. Rxd8 Bf5 30. Rxd6 Rc7 31. Rxa6 Bxd3 32. Rb6 Rc2 33. Rb7 Kh6 34. h4 Be2 35. Be7 d3 36. Bg5+ Kh7 37. a6 1-0

[Event "Bhubaneswar op-A 15th"]
[Site "Bhubaneswar"]
[Date "2024.12.03"]
[Round "2"]
[White "Rios Gomez, Cristhian Camilo"]
[Black "Pruthu, Deshpande"]
[Result "1-0"]
[WhiteElo "2448"]
[BlackElo "2000"]
[PlyCount "83"]
[EventDate "2024.12.02"]
[EventType "swiss"]
[EventRounds "10"]
[EventCountry "IND"]
[SourceTitle "CB50_2024"]
[SourceDate "2024.11.01"]
[SourceVersion "1"]
[SourceVersionDate "2024.11.01"]
[SourceQuality "2"]

1. d4 d5 2. c4 c6 3. Nf3 Nf6 4. Nc3 a6 5. c5 Bf5 6. Nh4 Bg4 7. h3 Bh5 8. g4 Bg6 9. Nxg6 hxg6 10. Bg2 Nbd7 11. Bf4 e6 12. Rc1 Be7 13. b4 Qc8 14. Qd3 Bd8 15. Qg3 b5 16. e4 dxe4 17. Bxe4 0-0 18. Bd6 Re8 19. g5 Nxe4 20. Nxe4 e5 21. 0-0 exd4 22. Rfe1 a5 23. a3 axb4 24. axb4 Nf8 25. Be5 Be7 26. Bxd4 Qf5 27. h4 Ne6 28. Be5 Ra4 29. Rb1 Bf8 30. Bxg7 Bxg7 31. Nd6 Qd5 32. Nxe8 Nd4 33. Re3 Nf5 34. Qb8 Kh7 35. Reb3 Nxh4 36. Qg3 Nf5 37. Qh2+ Kg8 38. Qb8 Kh7 39. Rh3+ Nh6 40. Nf6+ Bxf6 41. Rxh6+ Kg7 42. Qh8# 1-0

[Event "Bogota Distrito Capital op-A"]
[Site "Bogota"]
[Date "2024.09.22"]
[Round "9"]
[White "Rios Gomez, Cristhian Camilo"]
[Black "Cabiativa, Juan Esteban"]
[Result "1/2-1/2"]
[WhiteElo "2455"]
[BlackElo "2072"]
[PlyCount "71"]
[EventDate "2024.09.18"]
[EventType "swiss"]
[EventRounds "9"]
[EventCountry "COL"]
[SourceTitle "EXT 2025"]
[Source "ChessBase"]
[SourceDate "2024.10.14"]
[SourceVersion "1"]
[SourceVersionDate "2024.10.14"]
[SourceQuality "1"]

1. d4 Nf6 2. c4 e6 3. Nc3 Bb4 4. Qc2 0-0 5. a3 Bxc3+ 6. Qxc3 d5 7. Bg5 dxc4 8. Qxc4 b6 9. Nf3 Bb7 10. e3 Nbd7 11. Be2 c5 12. 0-0 Rc8 13. Rfd1 Bd5 14. Qa4 Bc6 15. Bb5 Qc7 16. Rac1 Ne4 17. Bf4 Qb7 18. Bxc6 Rxc6 19. Ne5 Nxe5 20. dxe5 c4 21. Qc2 Nc5 22. Qxc4 Rfc8 23. Rd6 R6c7 24. Qd4 h6 25. Rd1 Ne4 26. Rd8+ Rxd8 27. Qxd8+ Kh7 28. h4 Nc5 29. h5 Rd7 30. Rxd7 Nxd7 31. Qe8 Nc5 32. b4 Ne4 33. b5 Qd5 34. f3 Qd1+ 35. Kh2 Qe1 36. fxe4 1/2-1/2

[Event "Bogota Distrito Capital op-A"]
[Site "Bogota"]
[Date "2024.09.18"]
[Round "1"]
[White "Rios Gomez, Cristhian Camilo"]
[Black "Ospina Castro, Santiago"]
[Result "1-0"]
[WhiteElo "2455"]
[BlackElo "2106"]
[PlyCount "39"]
[EventDate "2024.09.18"]
[EventType "swiss"]
[EventRounds "9"]
[EventCountry "COL"]
[SourceTitle "EXT 2025"]
[Source "ChessBase"]
[SourceDate "2024.10.14"]
[SourceVersion "1"]
[SourceVersionDate "2024.10.14"]
[SourceQuality "1"]

1. d4 d5 2. c4 e6 3. Nc3 Nf6 4. cxd5 exd5 5. Bg5 c6 6. e3 Be7 7. Bd3 0-0 8. Qc2 Re8 9. Nge2 h6 10. Bh4 a5 11. 0-0 Na6 12. a3 Nc7 13. f3 Ne6 14. Rad1 b5 15. Kh1 Ba6 16. Bf2 b4 17. Na4 bxa3 18. bxa3 Bxa3 19. Bxa6 Be7 20. Kg1 1-0

[Event "Sharjah Challengers 7th"]
[Site "Sharjah"]
[Date "2024.05.21"]
[Round "8"]
[White "Rios Gomez, Cristhian Camilo"]
[Black "Sahakyan, Aleks"]
[Result "1/2-1/2"]
[WhiteElo "2472"]
[BlackElo "2334"]
[PlyCount "43"]
[EventDate "2024.05.14"]
[EventType "swiss"]
[EventRounds "9"]
[EventCountry "UAE"]
[SourceTitle "CBM 220 Extra"]
[Source "ChessBase"]
[SourceDate "2024.07.31"]
[SourceVersion "1"]
[SourceVersionDate "2024.07.31"]
[SourceQuality "1"]

1. d4 Nf6 2. Nf3 d5 3. Bf4 c5 4. e3 Nc6 5. Nbd2 Nh5 6. dxc5 Nxf4 7. exf4 a5 8. Bb5 e6 9. Ne5 Bd7 10. Nd3 Nb4 11. Bxd7+ Qxd7 12. Nxb4 axb4 13. Nb3 Be7 14. Qd2 Bf6 15. Nd4 0-0 16. 0-0 Rfc8 17. b3 Qc7 18. Qxb4 Qxc5 19. Qxc5 Rxc5 20. Rfd1 Bxd4 21. Rxd4 Rxc2 22. a4 1/2-1/2